[Event "Linares NL"]
[Site "Linares"]
[Date "1994.??.??"]
[Round "2"]
[White "De Firmian, Nick E"]
[Black "Hernandez, Gilberto"]
[Result "1/2-1/2"]
[WhiteElo "2565"]
[BlackElo "2510"]

1.e4 c5 2.Nc3 Nc6 3.Nf3 e6 4.d4 cxd4 5.Nxd4 Qc7 6.g3 a6 7.Bg2 d6 8.O-O Be7
9.a4 Nf6 10.Nb3 b6 11.f4 Bb7 12.Be3 O-O 13.Qe2 Rfe8 14.Rad1 Rac8 15.g4 Nd7
16.g5 Bf8 17.Rf3 Nb4 18.Rh3 g6 19.Qf2 Bg7 20.Rd2 Re7 21.Qh4 Nf8 22.f5 exf5
23.exf5 Bxg2 24.Kxg2 Bxc3 25.bxc3 Rce8 26.f6 Rxe3 27.Qh6 Qc6+ 28.Kf2 Re2+
29.Rxe2 Rxe2+ 30.Kxe2 Qg2+ 31.Ke1 Qg1+ 32.Ke2 Qg2+ 33.Ke1 Qg1+  1/2-1/2

[Event "Linares NL"]
[Site "Linares"]
[Date "1994.??.??"]
[Round "8"]
[White "De Firmian, Nick E"]
[Black "Illescas Cordoba, Miguel"]
[Result "1-0"]
[WhiteElo "2565"]
[BlackElo "2590"]

1.e4 c5 2.Nf3 e6 3.d4 cxd4 4.Nxd4 Nc6 5.Nc3 Nf6 6.Ndb5 Bb4 7.a3 Bxc3+ 8.Nxc3 d5
9.Bd3 dxe4 10.Nxe4 Nxe4 11.Bxe4 Qxd1+ 12.Kxd1 e5 13.Re1 f6 14.Be3 Be6 15.Ke2 f5
16.Bxc6+ bxc6 17.b3 O-O 18.Rad1 f4 19.Bc5 Rf5 20.Rd6 Bd5 21.Kf1 e4 22.c4 Bxc4+
23.bxc4 Rxc5 24.Rxe4 Rf8 25.Rd7 a5 26.Ke2 Rh5 27.Kf3 Rxh2 28.Ree7 g6 29.Ra7 Rh5
30.Rg7+ Kh8 31.Rgc7 g5 32.Rxc6 Rh4 33.Rcc7 g4+ 34.Ke4 f3 35.g3 Rh2 36.c5 Re8+
37.Kf5 Rg8 38.c6 Rh6 39.Rf7 Re8 40.c7 Kg8 41.Rg7+ Kf8 42.Rf7+ Kg8 43.Kxg4  1-0

[Event "Lippstadt"]
[Site "Lippstadt"]
[Date "1994.??.??"]
[Round "2"]
[White "Luther, Thomas"]
[Black "Boensch, Uwe"]
[Result "1/2-1/2"]
[WhiteElo "2515"]
[BlackElo "2535"]

1.e4 c5 2.Nf3 Nc6 3.d4 cxd4 4.Nxd4 e6 5.Nc3 d6 6.Be3 a6 7.Be2 Nf6 8.O-O Be7
9.Kh1 Bd7 10.f4 b5 11.a3 O-O 12.Qe1 Nxd4 13.Bxd4 Bc6 14.Bd3 Qd7 15.Qg3 Rad8
16.e5 dxe5 17.Bxe5 g6 18.Qh3 Qb7 19.Rae1 Nd7 20.Ne4 f5 21.Ng5 Bxg5 22.fxg5 Nxe5
23.Rxe5 Bd5 24.Rf2 f4 25.Kg1 Qg7 26.Rxe6 Bxe6 27.Qxe6+ Kh8 28.Qxa6 Qxb2 29.Qxb5 Qa1+
30.Rf1 Qd4+ 31.Kh1 Rb8 32.Qc4 Qe5 33.h4 Rbe8 34.Qb5 Qg7 35.Qb4 Qe5 36.Qb5 Qg7
37.Qb4 Qe5 38.Qb5 Qd4 39.Qb4 Qe3 40.Qb2+ Re5 41.Qa1 Kg7 42.Qc3 f3 43.Rxf3 Rxf3
44.gxf3 Qxf3+ 45.Kh2 Qf2+ 46.Kh3 Qe3+ 47.Kg2 h6 48.Qc7+ Re7 49.Qc3+ Kh7 50.Qf6 Qd2+
51.Qf2 Qxf2+ 52.Kxf2 hxg5 53.hxg5 Re5 54.a4 Rxg5 55.Bb5 Kg7 56.c4 Kf6 57.a5 Rc5
58.a6 Rc7 59.Ke3 Ke5 60.c5 Rxc5 61.a7 Rc3+ 62.Bd3 Ra3 63.a8=Q Rxa8 64.Bxg6 Ra3+
65.Ke2 Rg3 66.Bh7  1/2-1/2

[Event "Lippstadt"]
[Site "Lippstadt"]
[Date "1994.??.??"]
[Round "5"]
[White "Matthias, Heiner"]
[Black "Gostisa, Leon"]
[Result "1/2-1/2"]
[WhiteElo "2320"]
[BlackElo "2410"]

1.e4 c5 2.Nc3 Nc6 3.Nge2 e6 4.d4 cxd4 5.Nxd4 Qc7 6.Be3 a6 7.Bd3 Nf6 8.O-O Ne5
9.h3 b5 10.f4 Nc4 11.Bxc4 Qxc4 12.e5 Nd5 13.Nxd5 Qxd5 14.Nb3 Bb7 15.Rf2 Rc8
16.c3 b4 17.Bd4 a5 18.a4 bxa3 19.bxa3 Be7 20.Nd2 O-O 21.Nf3 Rc4 22.Kh2 Rfc8
23.Nd2 R4c7 24.Nf3 Qe4 25.Qd2 Rc4 26.Re1 Qd5 27.Ra1 Qb5 28.Qd3 Rb4 29.Qc2 Rbc4
30.Qd3 Qa4 31.f5 exf5 32.Qxf5 g6 33.Qf4 Bd5 34.Ng5 Rf8 35.Raf1 Qxa3 36.Qh4 h5
37.Qf4 f5 38.Nf3 Kh7 39.Ng5+ Kg8 40.Nf3 Rc6 41.e6 Qd6 42.Ne5 g5 43.Qe3 dxe6
44.Kg1 Rcc8 45.Ng6 Rf7 46.h4 Kh7 47.Ne5 Rg7 48.hxg5 Bxg5 49.Qh3 Kg8 50.Qxh5 Bf6
51.Ng4 Bxd4 52.Nh6+ Kf8 53.cxd4 Rcc7 54.Qh4 Ke8 55.Rb1 Qe7 56.Qh5+ Kd7 57.Qe2 Qh4
58.Nxf5 exf5 59.Qe5 Rxg2+ 60.Rxg2 Bxg2 61.Qxf5+ Kd6 62.Qe5+  1/2-1/2

[Event "Litomysl op"]
[Site "Litomysl"]
[Date "1994.??.??"]
[Round "?"]
[White "Walek, Milan"]
[Black "Gostisa, Leon"]
[Result "1-0"]
[WhiteElo "2315"]
[BlackElo "2420"]

1.e4 c5 2.Nf3 e6 3.Nc3 Nc6 4.d4 cxd4 5.Nxd4 Qc7 6.Be3 a6 7.Bd3 Nf6 8.O-O Ne5
9.h3 b5 10.Nf3 Nc6 11.Qd2 Bb7 12.Rae1 d6 13.a4 b4 14.Ne2 Be7 15.b3 O-O 16.Bg5 Rac8
17.Ned4 h6 18.Nxc6 Qxc6 19.Bh4 Qb6 20.Qe3 Qxe3 21.Rxe3 Bd8 22.Ree1 Bb6 23.Nd2 a5
24.Nc4 Rxc4 25.bxc4 Bd4 26.Bxf6 gxf6 27.c5 dxc5 28.Bb5 e5 29.Kh2 Bc8 30.Rd1 f5
31.exf5 Bxf5 32.Rd2 Rc8 33.g4 Be6 34.Re2 c4 35.Rc1 Kg7 36.Kg3 f6 37.Rd1 Kf7
38.f4 b3 39.f5 Bd5 40.c3 b2 41.cxd4 c3 42.dxe5 c2 43.e6+ Kg8 44.Rxc2 Rxc2
45.e7 Rc3+ 46.Kh4 Re3 47.e8=Q+ Rxe8 48.Bxe8 Ba2 49.Kh5 Kg7 50.Rd7+ Kf8 51.Rb7 b1=Q
52.Rxb1 Bxb1 53.Kxh6 Kxe8 54.Kg7 Bc2 55.h4 Bd1 56.g5 Bg4 57.Kxf6 Kf8 58.g6 Bd1
59.Kg5 Bxa4 60.h5  1-0

[Event "Litomysl op"]
[Site "Litomysl"]
[Date "1994.??.??"]
[Round "?"]
[White "Kovchan, Alexander"]
[Black "Mochalov, Evgeny V"]
[Result "0-1"]
[WhiteElo "2205"]
[BlackElo "2400"]

1.e4 c5 2.Nf3 e6 3.d4 cxd4 4.Nxd4 Nc6 5.Nc3 d6 6.Be3 Nf6 7.Bc4 Be7 8.Qe2 O-O
9.O-O-O Bd7 10.g4 Nxd4 11.Bxd4 e5 12.Be3 Bxg4 13.f3 Be6 14.Rhg1 Kh8 15.Qg2 Rg8
16.Nd5 Rc8 17.Bb3 Nxd5 18.Bxd5 Qd7 19.Kb1 a6 20.Bxe6 Qxe6 21.Qg4 Qxg4 22.Rxg4 Rgd8
23.Rd5 Rf8 24.f4 f6 25.Rd1 g6 26.b3 Rc3 27.Rg3 Rfc8 28.Rd2 exf4 29.Bxf4 Rxg3
30.Bxg3 Rc6 31.c4 Kg7 32.Rc2 Kf7 33.b4 Ke6 34.a4 h5 35.Kb2 Rc8 36.Kb3 g5
37.h3 g4 38.h4 f5 39.Re2 f4 40.Bxf4 Rf8 41.Bd2 Bxh4 42.b5 Rf2 43.bxa6 bxa6  0-1

[Event "Ljubljana op"]
[Site "Ljubljana"]
[Date "1994.??.??"]
[Round "?"]
[White "Drozdov, Igor"]
[Black "Cebalo, Miso"]
[Result "1/2-1/2"]
[WhiteElo "2410"]
[BlackElo "2520"]

1.e4 c5 2.Nf3 e6 3.d4 cxd4 4.Nxd4 Nc6 5.Nc3 d6 6.Be2 Nf6 7.O-O Be7 8.Kh1 O-O
9.f4 Bd7 10.Nb3 a6 11.a4 Rc8 12.Be3 Nb4 13.Bf3 Bc6 14.Nd4 g6 15.Qd2 e5 16.Nxc6 Nxc6
17.f5 Nb4 18.Rad1 Qc7 19.Qf2 Kg7 20.Qh4 Ng8 21.Qf2 Nf6 22.Qh4 Ng8  1/2-1/2

[Event "Ljubljana op"]
[Site "Ljubljana"]
[Date "1994.??.??"]
[Round "?"]
[White "Sutovskij, Emil"]
[Black "Ankerst, Mihael"]
[Result "1-0"]
[WhiteElo "2465"]
[BlackElo "2285"]

1.e4 c5 2.Nf3 e6 3.Nc3 Nc6 4.d4 cxd4 5.Nxd4 Nf6 6.Be2 Bb4 7.O-O Bxc3 8.bxc3 Nxe4
9.Bd3 d5 10.Ba3 Nxd4 11.cxd4 Qa5 12.Qc1 Bd7 13.Rb1 Bc6 14.Bb4 Qc7 15.Qa3 a5
16.Bxe4 dxe4 17.Bd6 Qd7 18.c4 f6 19.Rfe1 Kf7 20.f3 e3 21.Rxe3 Rhe8 22.Rb6 Kg8
23.Bc5 Qc7 24.Rb1 Qd7 25.Qd3 a4 26.Qd2 Rac8 27.Bb6 Qd6 28.Qd3 Qf4 29.Qa3 Bd7
30.Bc5 Bc6 31.Rbe1 Kf7 32.Qb4 Qc7 33.Bd6 Qd8 34.d5 exd5 35.Rxe8 Bxe8 36.Qxb7+ Kg8
37.Re7 Qxd6 38.Rxg7+ Kf8 39.Rxh7  1-0

[Event "Ljubljana op"]
[Site "Ljubljana"]
[Date "1994.??.??"]
[Round "?"]
[White "Ankerst, Mihael"]
[Black "Podlesnik, Bogdan"]
[Result "0-1"]
[WhiteElo "2285"]
[BlackElo "2400"]

1.e4 c5 2.Nf3 Nc6 3.Nc3 e6 4.d4 cxd4 5.Nxd4 Nf6 6.Be2 Bb4 7.O-O Bxc3 8.bxc3 Nxe4
9.Bd3 d5 10.Ba3 Qa5 11.Qc1 Nxd4 12.cxd4 Bd7 13.Rb1 Bc6 14.Bb4 Qc7 15.Qa3 a6
16.Bxe4 dxe4 17.c4 f6 18.f3 O-O-O 19.Rbd1 exf3 20.gxf3 Qf4 21.Bc5 h5 22.Qc1 Qf5
23.Qe3 g5 24.Bb6 Rde8 25.Qd3 Qxd3 26.Rxd3 Rhg8 27.Kf2 f5 28.Rc1 g4 29.d5 Bd7
30.fxg4 hxg4 31.h3 e5 32.hxg4 e4 33.Rh3 f4 34.Rh7 Bxg4 35.Rc7+ Kb8 36.Rh1 e3+
37.Kf1 Bf5 38.d6 Be4 39.Rg1 Bd3+  0-1

[Event "London4"]
[Site "London"]
[Date "1994.??.??"]
[Round "?"]
[White "Abbasi, Nasser M"]
[Black "Rayner, Francis"]
[Result "1-0"]
[WhiteElo "2275"]
[BlackElo "2285"]

1.e4 c5 2.Nf3 e6 3.d4 cxd4 4.Nxd4 Nc6 5.Nc3 Qc7 6.g3 a6 7.Bg2 d6 8.O-O Bd7
9.Nde2 Nf6 10.h3 Be7 11.g4 h6 12.Ng3 Ne5 13.a4 g5 14.f4 gxf4 15.Bxf4 Qc5+
16.Kh2 Ng6 17.Bd2 h5 18.gxh5 Nxh5 19.Nxh5 Rxh5 20.Nd5 Rh7 21.Bb4 Qc6 22.Nxe7 Nxe7
23.Bxd6 Nd5 24.e5 Qc4 25.Ra3 Bc6 26.Rg3 O-O-O 27.Rg4 Qa2 28.Qd4 f5 29.exf6 Nxf6
30.Rxf6 Rhd7 31.Bxc6 Rxd6 32.Bxb7+ Kxb7 33.Rf7+  1-0

[Event "Lloyds Bank op"]
[Site "London"]
[Date "1994.??.??"]
[Round "3"]
[White "Arakhamia, Ketevan"]
[Black "Sheldon, Ruth"]
[Result "1/2-1/2"]
[WhiteElo "2450"]
[BlackElo "2120"]

1.e4 c5 2.Nf3 e6 3.d4 cxd4 4.Nxd4 Nc6 5.Nc3 Qc7 6.Be2 a6 7.O-O Nf6 8.Kh1 Bb4
9.Bg5 Bxc3 10.Bxf6 gxf6 11.bxc3 Ne5 12.f4 Nc4 13.Bxc4 Qxc4 14.Qg4 b5 15.Qg7 Rf8
16.Qxf6 Bb7 17.Rfe1 Qxc3 18.Rad1 Rg8 19.f5 Qc5 20.fxe6 dxe6 21.Nxe6 Qe7 22.Ng7+ Kf8
23.Qxe7+ Kxe7 24.Nf5+ Ke6 25.Rd6+ Ke5 26.Rd7 Bxe4 27.Rxf7 Rgf8 28.Rxf8 Rxf8
29.Ng3 Rf4 30.Kg1 b4 31.Nxe4 Rxe4 32.Kf2 a5 33.Re3 Kd4 34.Rxe4+ Kxe4 35.Ke2 h6
36.Kd2 Kd4 37.g3 Ke4 38.Ke2 Kd4 39.Kd2 Ke4 40.Ke2 Kd4 41.g4 Ke4 42.h3 Kf4
43.Kf2 a4 44.Kg2 Ke3 45.h4 Kd2 46.g5 hxg5 47.hxg5 Kxc2 48.g6 b3 49.axb3 axb3
50.g7  1/2-1/2

[Event "Lloyds Bank op"]
[Site "London"]
[Date "1994.??.??"]
[Round "4"]
[White "Altinsoy, Mehmet"]
[Black "Arakhamia, Ketevan"]
[Result "0-1"]
[WhiteElo "2215"]
[BlackElo "2450"]

1.e4 c5 2.Nf3 e6 3.d4 cxd4 4.Nxd4 Nc6 5.Nc3 d6 6.Bc4 Nf6 7.Bb3 Be7 8.Nxc6 bxc6
9.e5 dxe5 10.Qf3 Qc7 11.Bg5 O-O 12.O-O-O Rb8 13.h4 c5 14.Bc4 Qb7 15.Qxb7 Bxb7
16.f3 Rfd8 17.h5 h6 18.Bh4 Rbc8 19.b3 Kf8 20.Rde1 Nd7 21.Bb5 f6 22.Bc4 Kf7
23.f4 Nb6 24.fxe5 Nxc4 25.bxc4 Bxg2 26.Rh2 Bc6 27.Rg1 Rd4 28.Nb5 Bxb5 29.cxb5 c4
30.exf6 gxf6 31.Bf2 Ba3+ 32.Kb1 Rd5 33.c3 Rxb5+ 34.Kc2 Rd8 35.Rb1 Rxb1 36.Kxb1 Rd2
37.Bg3 Rxh2  0-1

[Event "Lloyds Bank op"]
[Site "London"]
[Date "1994.??.??"]
[Round "6"]
[White "Aseev, Konstantin N"]
[Black "Arakhamia, Ketevan"]
[Result "1-0"]
[WhiteElo "2540"]
[BlackElo "2450"]

1.e4 c5 2.Nf3 Nc6 3.d4 cxd4 4.Nxd4 e6 5.Nc3 d6 6.Be3 Nf6 7.Bc4 Be7 8.Bb3 O-O
9.Qe2 a6 10.O-O-O Qc7 11.g4 Nxd4 12.Rxd4 Nd7 13.g5 Nc5 14.e5 dxe5 15.Rh4 g6
16.Rg1 f5 17.gxf6 Bxf6 18.Rhg4 Bg7 19.h4 Rf5 20.Bxc5 Qxc5 21.Ne4 Qf8 22.Rd1 b5
23.Kb1 Kh8 24.a3 Rf4 25.Rxf4 exf4 26.h5 Bb7 27.hxg6 Rd8 28.Rxd8 Qxd8 29.gxh7 Qh4
30.Nc5 Qf6 31.c3 Qf5+ 32.Ka1 Qxc5 33.Qxe6 Kxh7 34.Bc2+ Kh8 35.Qg6 Kg8 36.Bb3+ Kh8
37.Qf7 Qf8 38.Qxb7  1-0

[Event "Lloyds Bank op"]
[Site "London"]
[Date "1994.??.??"]
[Round "7"]
[White "O'Shaughnessy, Conor"]
[Black "Markowski, Tomasz"]
[Result "0-1"]
[WhiteElo "2270"]
[BlackElo "2475"]

1.e4 c5 2.Nf3 Nc6 3.d4 cxd4 4.Nxd4 e6 5.Nc3 d6 6.Bc4 Nf6 7.Bb3 Be7 8.O-O O-O
9.Be3 Nxd4 10.Bxd4 b6 11.Qe2 Bb7 12.Rad1 Qc8 13.f3 Rd8 14.Be3 Ba6 15.Nb5 d5
16.exd5 Nxd5 17.Bxd5 Rxd5 18.Rxd5 exd5 19.a4 Bf6 20.c3 Qd7 21.Rd1 Re8 22.Qd3 h5
23.Bf4 h4 24.h3 Rd8 25.Kf1 Qc6 26.Be3 Bb7 27.Bd4 Be7 28.Re1 Bf8 29.Bf2 a6
30.Nd4 Qxa4 31.Bxh4 Re8 32.Rxe8 Qxe8 33.Nc2 Qa4 34.Qd2 Qxh4  0-1

[Event "Lloyds Bank op"]
[Site "London"]
[Date "1994.??.??"]
[Round "7"]
[White "Cherniaev, Alexander"]
[Black "Perkins, Alan H"]
[Result "1-0"]
[WhiteElo "2415"]
[BlackElo "2265"]

1.e4 c5 2.Nf3 e6 3.d4 cxd4 4.Nxd4 Nc6 5.Nc3 Qc7 6.g3 a6 7.Bg2 d6 8.O-O Be7
9.Re1 Bd7 10.Nxc6 Bxc6 11.a4 Nf6 12.a5 O-O 13.Be3 Rae8 14.f4 Nd7 15.Bf2 Bd8
16.Qd3 Qb8 17.b4 Be7 18.Ne2 d5 19.exd5 Bxd5 20.Bxd5 exd5 21.Qxd5 Bxb4 22.Qxd7 Re7
23.Qd3 Bxe1 24.Rxe1 Rfe8 25.Kf1 Qc7 26.Qd2 Qc4 27.Qd3 Qc7 28.Qc3 Qd7 29.Ng1 Qb5+
30.Kg2 Qd5+ 31.Nf3 Rxe1 32.Bxe1 h5 33.Kf1 h4 34.Nxh4 Qh1+ 35.Kf2 Qxh2+ 36.Ng2 Qh5
37.Qd3 Qc5+ 38.Ne3 Qe7 39.c4 Qe6 40.Bc3 f6 41.Qd5 Kh7 42.Bd4 Qe7 43.Bb6 g6
44.g4 Kg7 45.g5 Qe6 46.Bd4 Qxd5 47.cxd5 Kf7 48.Bxf6 Re4 49.Kf3 Rb4 50.Ng4 Rb3+
51.Ke4 Rb4+ 52.Ke3 Rb3+ 53.Kd4 Rb4+ 54.Kc3 Rxf4 55.Ne5+  1-0

[Event "Paris-London"]
[Site "London"]
[Date "1994.??.??"]
[Round "9"]
[White "Emms, John M"]
[Black "Wagner, Claude"]
[Result "1/2-1/2"]
[WhiteElo "2535"]
[BlackElo "2355"]

1.e4 c5 2.Nc3 e6 3.Nf3 Nc6 4.d4 cxd4 5.Nxd4 Nf6 6.Nxc6 bxc6 7.e5 Nd5 8.Ne4 Qc7
9.f4 Qa5+ 10.Bd2 Qb6 11.Bd3 Ba6 12.Bxa6 Qxa6 13.Qe2 Qb6 14.c4 Qxb2 15.O-O Nb6
16.Kh1 Qd4 17.Rae1 Na4 18.f5 Nc5 19.Nxc5 Bxc5 20.Rb1 O-O 21.f6 g6 22.Bh6 Rfd8
23.Rbd1 Qh4 24.Bf4 Rab8 25.Rd3 Qh5 26.g4 Qh4 27.Qg2 h5 28.gxh5 Qxh5 29.Rh3 Rb2
30.Rxh5 Rxg2 31.Kxg2 gxh5 32.Kf3 Rb8 33.Rd1 Rb7 34.Rd2 Kh7 35.Rg2 Bf8 36.Rg5 Rb4
37.Rxh5+ Kg8 38.Rg5+ Kh7 39.Rh5+  1/2-1/2

[Event "SWZ-ch int"]
[Site "Luzern"]
[Date "1994.??.??"]
[Round "11"]
[White "Gallagher, Joseph G"]
[Black "Sermek, Drazen"]
[Result "1/2-1/2"]
[WhiteElo "2470"]
[BlackElo "2515"]

1.e4 c5 2.Nc3 e6 3.Nf3 Nc6 4.d4 cxd4 5.Nxd4 Nf6 6.Ndb5 d6 7.Bf4 e5 8.Bg5 a6
9.Na3 Be6 10.Nc4 Rc8 11.Bxf6 gxf6 12.Ne3 Bh6 13.Ng4 Bg7 14.Bd3 Qb6 15.O-O Ne7
16.Rb1 h5 17.Ne3 Bh6 18.Re1 Bg5 19.Ned5 Qc6 20.Qf3 Rh6 21.h3 f5 22.Nb4 Qd7
23.exf5 Nxf5 24.Bxf5 Bxf5 25.Ne4 Bxe4 26.Qxe4 Bd2 27.Re2 Bxb4 28.Qxb4 Rg6
29.Kh2 Rc5 30.f4 Qc6 31.fxe5 Rxc2 32.Rxc2 Qxc2 33.Rg1 dxe5 34.Qxb7 Qe2 35.Rc1 Kf8
36.Rc8+ Kg7 37.Qa8 Kh6 38.h4 Rg4 39.Rh8+ Kg6 40.Qc6+ f6 41.Qe8+ Kf5 42.Rxh5+ Kf4
43.Qc6 Rxg2+ 44.Qxg2 Qxh5 45.Qf2+ Ke4 46.Qxf6 Qe2+ 47.Kg3 Qe3+ 48.Kg2 Qe2+
49.Qf2 Qd1 50.Qg3 Qe2+ 51.Qf2 Qd1 52.Qg3 Qe2+ 53.Kh3 Qf1+ 54.Qg2+ Qxg2+ 55.Kxg2 Kd3
56.h5 e4 57.h6 e3 58.h7 e2 59.h8=Q e1=Q  1/2-1/2

[Event "EUCup f"]
[Site "Lyon"]
[Date "1994.??.??"]
[Round "?"]
[White "Timoshenko, Georgy"]
[Black "Tseitlin, Mark D"]
[Result "1-0"]
[WhiteElo "2550"]
[BlackElo "2465"]

1.e4 c5 2.Nf3 e6 3.d4 cxd4 4.Nxd4 Nc6 5.Nc3 Qc7 6.g3 a6 7.Bg2 d6 8.O-O Bd7
9.a4 Nf6 10.h3 Be7 11.Nde2 Rb8 12.g4 h6 13.f4 g5 14.Ng3 Rg8 15.Nce2 b5 16.axb5 Qb6+
17.Kh1 axb5 18.Ra3 gxf4 19.Nxf4 b4 20.Be3 Qb5 21.Ra1 Ne5 22.Nfh5 Nxh5 23.Nxh5 Rg6
24.b3 Bc6 25.Bd4 Bb7 26.Qe1 Qd7 27.Qf2 Bg5 28.Rad1 Qe7 29.Be3 Rc8 30.Bxg5 hxg5
31.Rd4 Ba6 32.Rfd1 Rd8 33.Rxb4 Qc7 34.c4 Qc5 35.Qxc5 dxc5 36.Rxd8+ Kxd8 37.Rb6 Bc8
38.Kg1 Kc7 39.Rb5 Nd7 40.Ra5 Bb7 41.Ng3 Rg8 42.e5 Bxg2 43.Kxg2 Rb8 44.Ne4 Rxb3
45.Ra7+ Rb7 46.Rxb7+ Kxb7 47.Nd6+ Ka6 48.Nxf7 Ka5 49.Kf3 Kb4 50.Ke4 Kxc4
51.Nxg5 Nf8 52.h4 Kc3 53.h5 c4 54.Nf3 Kb2 55.g5 c3 56.g6 Nd7 57.Ne1  1-0

[Event "EUCup f"]
[Site "Lyon"]
[Date "1994.??.??"]
[Round "?"]
[White "Tseitlin, Mark D"]
[Black "Dorfman, Josif D"]
[Result "1/2-1/2"]
[WhiteElo "2465"]
[BlackElo "2595"]

1.e4 c5 2.Nf3 e6 3.d4 cxd4 4.Nxd4 Nc6 5.Nc3 Qc7 6.Be3 a6 7.Bd3 Nf6 8.O-O Ne5
9.h3 Bc5 10.Kh1 d6 11.f4 Ned7 12.Qe2 b5 13.e5 dxe5 14.fxe5 Qxe5 15.Qf3 Bb7
16.Qxb7 O-O 17.Nxe6 Qxe6 18.Bf4 Ne5 19.Rae1 Ra7 20.Qxa7 Bxa7 21.Rxe5 Qc8
22.Bg5 b4 23.Bxf6 bxc3 24.Rg5 g6 25.Bxc3 Bb8 26.Bd4 Re8 27.b3 Qc7 28.Bg1 Kg7
29.Rg4 Re7 30.Rc4 Qg3 31.Rg4 Qc7 32.Rc4  1/2-1/2

[Event "Madrid-B"]
[Site "Madrid"]
[Date "1994.??.??"]
[Round "1"]
[White "Rojo Huerta, Gabriel"]
[Black "Rajkovic, Dusan"]
[Result "1-0"]
[WhiteElo "2370"]
[BlackElo "2475"]

1.e4 c5 2.Nf3 e6 3.d4 cxd4 4.Nxd4 Nc6 5.Nc3 Qc7 6.Be2 a6 7.Be3 b5 8.f4 Bb7
9.Bf3 Na5 10.O-O Nc4 11.Bc1 Bc5 12.Kh1 Ne7 13.Qd3 Qb6 14.Nce2 O-O 15.b3 Nd6
16.Bb2 f6 17.Ng3 Nf7 18.Rad1 Rad8 19.Qe2 Ng6 20.Bh5 Nfh8 21.Qg4 Bc8 22.Bxg6 hxg6
23.Nf3 d5 24.e5 f5 25.Qh4 Nf7 26.Ne2 Qc7 27.Ned4 Be7 28.Qg3 Kh7 29.Rd3 b4
30.Qh3+ Kg8 31.g4 g5 32.gxf5 exf5 33.fxg5 Nxe5 34.Nxe5 Qxe5 35.g6 Bh4 36.Qxh4 Qe4+
37.Nf3  1-0

[Event "Makarska"]
[Site "Makarska"]
[Date "1994.??.??"]
[Round "?"]
[White "Ljubicic, Filip"]
[Black "Stone, Raymond"]
[Result "1/2-1/2"]
[WhiteElo "2335"]
[BlackElo "2355"]

1.e4 c5 2.Nf3 e6 3.d4 cxd4 4.Nxd4 Nc6 5.Nc3 Qc7 6.Be3 a6 7.Bd3 Nf6 8.O-O Ne5
9.h3 Bc5 10.Qe2 d6 11.Nb3 Bxe3 12.Qxe3 O-O 13.f4 Ng6 14.Rad1 b5 15.Kh2 b4
16.Ne2 Re8 17.g4 Bb7 18.Nd2 Rac8 19.g5 Nd7 20.Qg3 Nc5 21.h4 Ne7 22.Nd4 Nc6
23.N4f3 Ne7 24.Nd4 Nc6 25.Qe3 Nxd4 26.Qxd4 a5 27.Qe3 Nxd3 28.cxd3 Qc2 29.Kg3 d5
30.Nb3 dxe4 31.Rd2 Qc7 32.dxe4 Qc6 33.Nxa5 Qxe4 34.Qxe4 Bxe4 35.Rd4 Ra8 36.Rxe4 Rxa5
37.Rxb4 Rxa2 38.Rb7 g6 39.Rd1 Ra5 40.b4 Rf5 41.Rd4 e5 42.Re4 exf4+ 43.Rxf4 Re3+
44.Kg4 Rxf4+ 45.Kxf4 Rh3 46.Kg4 Rc3 47.b5 Rc4+ 48.Kg3 Kg7 49.b6 Rb4 50.Rb8 h6
51.Rb7 h5 52.Rb8 Rg4+ 53.Kh3 Rb4 54.Rb7 Rb3+ 55.Kg2 Rb4 56.Kh3 Rb3+  1/2-1/2

[Event "CRO-chT"]
[Site "Makarska"]
[Date "1994.??.??"]
[Round "2"]
[White "Tolnai, Tibor"]
[Black "Begovac, Franja"]
[Result "1/2-1/2"]
[WhiteElo "2540"]
[BlackElo "2420"]

1.e4 c5 2.Nf3 e6 3.d4 cxd4 4.Nxd4 Nc6 5.Nc3 a6 6.f4 Qc7 7.Nxc6 Qxc6 8.Bd3 b5
9.Qe2 Bb7 10.Bd2 Nf6 11.e5 Nd5 12.Be4 Qc5 13.Qf3 Rc8 14.Nxd5 Bxd5 15.Bxd5 exd5
16.c3 Qc4 17.b3 Qe4+ 18.Qxe4 dxe4 19.O-O-O d5 20.exd6 Bxd6 21.Kb2 h5 22.Be3 Ke7
23.g3  1/2-1/2

[Event "CRO-chT"]
[Site "Makarska"]
[Date "1994.??.??"]
[Round "4"]
[White "Leventic, Ivan"]
[Black "Zelic, Zdravko"]
[Result "1-0"]
[WhiteElo "2415"]
[BlackElo "2390"]

1.e4 c5 2.Nf3 e6 3.d4 cxd4 4.Nxd4 Nc6 5.Nc3 d6 6.Be3 Nf6 7.f4 Be7 8.Qf3 e5
9.Nxc6 bxc6 10.f5 Rb8 11.O-O-O Qa5 12.Bc4 O-O 13.Bb3 Bb7 14.g4 d5 15.g5 dxe4
16.Qh3 Nd5 17.g6 hxg6 18.fxg6 fxg6 19.Qe6+ Rf7 20.Rhf1 Rf8 21.Rxf7 Rxf7 22.Rf1 Bf6
23.Nxe4 Ba6 24.Rg1 Be7 25.Qxc6  1-0

[Event "CRO-chT"]
[Site "Makarska"]
[Date "1994.??.??"]
[Round "7"]
[White "Varga, Zoltan"]
[Black "Begovac, Franja"]
[Result "1-0"]
[WhiteElo "2470"]
[BlackElo "2420"]

1.e4 c5 2.Nf3 e6 3.d4 cxd4 4.Nxd4 Nc6 5.Nc3 a6 6.Be2 Qc7 7.O-O Nf6 8.Be3 Bb4
9.Na4 Be7 10.Nxc6 bxc6 11.Nb6 Rb8 12.Nxc8 Qxc8 13.e5 Nd5 14.Bc1 Bc5 15.c4 Ne7
16.b3 Qc7 17.Bb2 O-O 18.Bd3 Ng6 19.g3 a5 20.Qe2 a4 21.Bc2 Rfd8 22.Rad1 axb3
23.axb3 Ra8 24.Bc3 Qb6 25.h4 Ne7 26.Qd2 Nf5 27.b4 Bf8 28.c5 Qa6 29.Bxf5 exf5
30.Qf4 Qa2 31.Qxf5 Ra3 32.Rd3 Qc2 33.Qf3 h6 34.Rfd1 Rb3 35.Kg2 Ra8 36.h5 Be7
37.Rxd7 Qxc3 38.R7d3 Qxe5 39.Rxb3 Rd8 40.Re3 Qg5 41.Red3  1-0

[Event "CRO-chT"]
[Site "Makarska"]
[Date "1994.??.??"]
[Round "8"]
[White "Jurkovic, Ante"]
[Black "Cebalo, Miso"]
[Result "0-1"]
[WhiteElo "2305"]
[BlackElo "2520"]

1.e4 c5 2.Nf3 e6 3.d4 cxd4 4.Nxd4 Nc6 5.Nc3 d6 6.f4 Nf6 7.Nf3 Be7 8.Bd3 a6
9.O-O b5 10.Qe2 Bb7 11.Kh1 Qc7 12.e5 dxe5 13.fxe5 Nd7 14.Bf4 Nc5 15.Ne4 Nxe4
16.Bxe4 Nb4 17.Bg5 h6 18.Bxe7 Qxe7 19.a4 O-O 20.Nd2 Rfd8 21.Bxb7 Qxb7 22.Ne4 Qd5
23.axb5 axb5 24.Rxa8 Rxa8 25.Nd6 f5 26.Nxb5 Rd8 27.c3 Nc6 28.Nc7 Qd7 29.Nb5 Qd2
30.Qc4 Qd5 31.Qxd5 Rxd5 32.Nc7 Rxe5 33.Kg1 Kf7 34.Kf2 Rc5 35.Na6 Ra5 36.Nc7 Ne5
37.Ke3 Nc4+ 38.Kd3 Nxb2+ 39.Kc2 Nc4 40.Re1 e5 41.Kb3 Rc5 42.Na6 Rc8 43.Kb4 e4
44.Nc5 Nb2 45.Rf1 Rb8+ 46.Ka5 Nc4+ 47.Ka6 Ne3 48.Rf2 Ke7 49.Re2 Nd5 50.c4 Nb4+
51.Ka7 Nc6+ 52.Ka6 Rb4  0-1

[Event "Malmo"]
[Site "Malmo"]
[Date "1994.??.??"]
[Round "8"]
[White "Hellsten, Johan"]
[Black "Hansen, Curt"]
[Result "0-1"]
[WhiteElo "2325"]
[BlackElo "2580"]

1.e4 c5 2.Nf3 e6 3.d4 cxd4 4.Nxd4 Nc6 5.Nc3 Qc7 6.g3 a6 7.Bg2 d6 8.O-O Bd7
9.Re1 Be7 10.Nxc6 bxc6 11.Na4 Rb8 12.c4 c5 13.Bf4 Qa5 14.b3 Bxa4 15.bxa4 e5
16.Bd2 Qc7 17.Re3 Bg5 18.Rd3 Bxd2 19.Qxd2 Rd8 20.Qg5 f6 21.Qg4 Nh6 22.Qe6+ Qe7
23.Qd5 Nf7 24.Rb1 O-O 25.Rb7 Qe8 26.h4 Kh8 27.Rdb3 Nh6 28.Ra7 Qxa4 29.Rbb7 Rg8
30.Bh3 Qxa2 31.Be6 Qe2 32.Rxa6 Ng4 33.Bxg4 Qxg4 34.Raa7 Qf3 35.Rc7 h6 36.Rcb7 Rb8
37.Rxb8 Rxb8 38.Ra1 Kh7 39.Qxd6 Rb2 40.Qxc5 Qxe4 41.Rc1 Re2 42.Kf1 Rd2 43.Kg1 Rd3
44.Qb6 Qf3 45.Qb2 e4 46.Qc2 f5 47.Re1 e3 48.Qe2 exf2+ 49.Qxf2 Qxg3+ 50.Qxg3 Rxg3+
51.Kf2 Rc3 52.Re5 Kg6 53.c5 Kf6 54.Rd5 g5 55.Rd6+ Ke5 56.Rxh6 g4 57.c6 f4
58.Rg6 g3+ 59.Kg2 Ke4 60.Re6+ Kf5  0-1

[Event "Mar del Plata op"]
[Site "Mar del Plata"]
[Date "1994.??.??"]
[Round "5"]
[White "Van Riemsdijk, Herman C"]
[Black "Burijovich, Liliana"]
[Result "1-0"]
[WhiteElo "2435"]
[BlackElo "2190"]

1.e4 c5 2.Nf3 e6 3.d4 cxd4 4.Nxd4 Nc6 5.Nc3 Qc7 6.g3 a6 7.Bg2 d6 8.O-O Bd7
9.Nce2 Rc8 10.Nxc6 Bxc6 11.Nd4 Bd7 12.c3 Nf6 13.a4 Be7 14.Re1 O-O 15.h3 Rfe8
16.Kh2 g6 17.Bg5 Qb6 18.Qd2 e5 19.a5 Qc5 20.Nc2 Be6 21.Nb4 Nd7 22.Bxe7 Rxe7
23.Re3 Bc4 24.Bf1 Be6 25.Rd3 Nf6 26.Bg2 Rd7 27.Ra3 Kg7 28.b3 d5 29.exd5 e4
30.dxe6 Rxd3 31.Nxd3 Qxa3 32.Nf4 Qxb3 33.Qd6 Re8 34.Qc7 Rf8 35.Bxe4 Kg8 36.e7 Re8
37.Qd8 Qb5 38.Nd5 Nxd5 39.Bxd5 Kg7 40.c4 Qa4 41.Qd6 Rc8 42.Bxb7 Rxc4 43.Qe5+ f6
44.Qb8  1-0

[Event "Wch U20"]
[Site "Matinhos"]
[Date "1994.??.??"]
[Round "?"]
[White "Singh, Gurpreetpal"]
[Black "Kumaran, Dharshan"]
[Result "0-1"]
[WhiteElo "2350"]
[BlackElo "2465"]

1.e4 c5 2.Nf3 e6 3.d4 cxd4 4.Nxd4 Nc6 5.Nc3 Qc7 6.Be2 a6 7.O-O b5 8.Nxc6 Qxc6
9.Bf3 Bb7 10.Bf4 Qc4 11.Bd6 Bxd6 12.Qxd6 Ne7 13.Rad1 Rd8 14.Nd5 exd5 15.exd5 O-O
16.Qxe7 Qxc2 17.Qa3 Rc8 18.Rfe1 Rfd8 19.h3 h6 20.Be4 Qc5 21.Qf3 Qd6 22.h4 Re8
23.Qh3 h5 24.Qf5 g6 25.Qg5 Re5 26.Qd2 Rc4 27.Bf3 Rxh4 28.g3 Rc4 29.Rxe5 Qxe5
30.Re1 Qf6 31.Bg2 Kg7 32.Qe3 Rd4 33.Rc1 Bxd5 34.Rc8 Rc4 35.Rxc4 Bxc4 36.b3 Be6
37.Qb6 Qa1+ 38.Kh2 Qxa2 39.Qd4+ Kh7 40.b4 a5  0-1

[Event "Wch U20"]
[Site "Matinhos"]
[Date "1994.??.??"]
[Round "?"]
[White "Iordachescu, Viorel"]
[Black "Oratovsky, Michael"]
[Result "0-1"]
[WhiteElo "2450"]
[BlackElo "2485"]

1.e4 c5 2.Nf3 e6 3.d4 cxd4 4.Nxd4 Nc6 5.Nc3 Qc7 6.Ndb5 Qb8 7.g3 a6 8.Nd4 Nf6
9.Bg2 Bc5 10.Nb3 Be7 11.O-O b5 12.Re1 d6 13.Bf4 Ne5 14.a4 b4 15.Ne2 O-O 16.Ned4 Qc7
17.Qe2 Bb7 18.Rad1 g6 19.h3 Rfe8 20.Bc1 Nc4 21.Nd2 Nb6 22.a5 Nbd7 23.Nc4 Rac8
24.b3 e5 25.Nf3 Nxe4 26.Bb2 Ndf6 27.Nb6 Rcd8 28.Nc4 Bf8 29.Qe3 Nc5 30.Kh2 Na4
31.Ba1 Nd5 32.Qg5 Nac3 33.Rd2 h6 34.Qh4 Ne7 35.Nb6 Qc5 36.Bxc3 bxc3 37.Rdd1 Nf5
38.Qc4 Qxf2 39.Rf1 Qxg3+ 40.Kh1 Ne3  0-1